Student Feedback on Teaching in Schools (Record no. 7590)
[ view plain ]
| 000 -LEADER | |
|---|---|
| fixed length control field | 00929nam a2200121Ia 4500 |
| 008 - FIXED-LENGTH DATA ELEMENTS--GENERAL INFORMATION | |
| fixed length control field | 220615s9999||||xx |||||||||||||| ||und|| |
| 245 #0 - TITLE STATEMENT | |
| Title | Student Feedback on Teaching in Schools |
| Remainder of title | Using Student Perceptions for the Development of Teaching and Teachers |
| 546 ## - LANGUAGE NOTE | |
| Language note | English[eng] |
| 650 ## - SUBJECT ADDED ENTRY--TOPICAL TERM | |
| Topical term or geographic name entry element | Student Perception of Teaching Quality||Student Feedback||Teacher Development||Teacher Professionalization||School Accountability||School Assessments||School Improvement||Teacher Education||Student Perception for Development of Education||Student Voice||Student Ratings of Instruction||Student Ratings of Classroom Climate||Classroom Observation Measures||Teaching Effectiveness||Teaching Quality in Primary School||Student Surveys||Data Use in Schools||Open Access |
| 700 ## - ADDED ENTRY--PERSONAL NAME | |
| Personal name | Rollett, Wolfram||Bijlsma, Hannah||Röhl, Sebastian |
| 856 ## - ELECTRONIC LOCATION AND ACCESS | |
| Uniform Resource Identifier | <a href="https://library.oapen.org/bitstream/20.500.12657/50716/1/978-3-030-75150-0.pdf">https://library.oapen.org/bitstream/20.500.12657/50716/1/978-3-030-75150-0.pdf</a> |
| 942 ## - ADDED ENTRY ELEMENTS (KOHA) | |
| Koha item type | E-Books |
| Withdrawn status | Lost status | Damaged status | Not for loan | Home library | Current library | Date acquired | Total Checkouts | Date last seen | Price effective from | Koha item type |
|---|---|---|---|---|---|---|---|---|---|---|
| Kerala University of Digital Sciences, Innovation and Technology Knowledge Centre | Kerala University of Digital Sciences, Innovation and Technology Knowledge Centre | 15/06/2022 | 15/06/2022 | 15/06/2022 | E-Books |